LEADER 01124nam--2200385---450- 001 990000539890203316 005 20090505141946.0 010 $a0-8039-2594-8 035 $a0053989 035 $aUSA010053989 035 $a(ALEPH)000053989USA01 035 $a0053989 100 $a20010703d1987----km-y0itay0103----ba 101 $aeng 105 $a||||||||001yy 200 1 $a<> television new interview$fAkiba A Cohen 210 $aNewbury Park$cSAGE$dc1987 215 $a160 p.$d23 cm 225 2 $aThe SAGE commtext series 410 $12001$aThe SAGE commtext series 461 1$1001-------$12001 606 0 $aGiornalismo e televisione 676 $a070.19 700 1$aCOHEN,$bAkiba A.$0546262 801 0$aIT$bsalbc$gISBD 912 $a990000539890203316 951 $aIV.1. 1219 (iSP V 429)$b1839 G$ciSP V$d00191098 959 $aBK 969 $aGIU 979 $aPATTY$b90$c20010703$lUSA01$h1427 979 $c20020403$lUSA01$h1703 979 $aPATRY$b90$c20040406$lUSA01$h1637 979 $aRSIAV1$b90$c20090505$lUSA01$h1419 996 $aTelevision new interview$9885856 997 $aUNISA LEADER 00813oam 2200289z- 450 001 9910154831103321 005 20180331101026.0 010 $a1-4245-5387-3 035 $a(CKB)3710000000972188 035 $a(EXLCZ)993710000000972188 100 $a20190224c2017uuuu -u- - 101 0 $aeng 200 10$a101 amazing things about dog lovers /$fTodd & Jedd Hafer 210 $cBroadstreet Publishing Group, LLC 311 $a1-4245-5386-5 606 $aDogs$vMiscellanea 606 $aDogs$2fast$3(OCoLC)fst00896265 608 $aTrivia and miscellanea.$2fast 615 0$aDogs 615 7$aDogs. 676 $a636.7 700 $aHafer$b Todd$01248890 702 $aHafer$b Jedd 906 $aBOOK 912 $a9910154831103321 996 $a101 amazing things about dog lovers$92894360 997 $aUNINA